000 01122nam a2200205 i 4500
001 157208
003 ES-MaACL
005 20250719062541.0
008 040811s1885 sp |||| | fre d
100 1 _aLastres y Juiz, Francisco,
_d1848-1918
_970504
245 1 3 _aLa reforme penitenciaire en Espagne
_b: aperçu historique et notice bibliographique /
_cpar Francisco Lastres.
260 _aMadrid :
_b[s.n.],
_c1885 (
_fTip. de Manuel Ginés Hernández)
300 _a28 p. ;
_c26 cm.
650 _aDerecho penitenciario-
_zEspaña.
_9176229
852 _aES-MaACL
_jD-103(4)
_9163014
_bR.FOLL.9/4
_cSVI
_hDonación: Francisco Lastres y Juiz
_xEncuadernado con otras obras formando un volumen facticio
_xEncuadernación holandesa
_dOlim: 193-C-11
_gAnotación manuscrista en cubierta: "Folletos penitenciarios Tomo 11"
852 _aES-MaACL
_jT-435-F-9
_9163013
_cDEPOF
_eEjemplar mútilo, falto de cubierta
_xEncuadernado con otras obras formando un volumen facticio.
_xEncuadernación holandesa
903 _aLastres y Juiz, Francisco,
_d1848-1918
_q1
_ednr
_970504
942 _2udc
999 _c157208
_d157208